Banner

Bioestadística : (Record no. 1711)

MARC details
000 -LEADER
campo de control de longitud fija 01201nam a22002177a 4500
003 - IDENTIFICADOR DE NÚMERO DE CONTROL
campo de control CoMeUDC
005 - FECHA Y HORA DE LA ÚLTIMA TRANSACCIÓN
campo de control 20230518154923.0
008 - DATOS DE LONGITUD FIJA--INFORMACIÓN GENERAL
campo de control de longitud fija 230518b ||||| |||| 00| 0 eng d
020 ## - NÚMERO INTERNACIONAL ESTÁNDAR DEL LIBRO
Número Internacional Estándar del Libro 9681807197
040 ## - FUENTE DE CATALOGACIÓN
Centro/agencia transcriptor CO-UdeC
Centro/agencia modificador CO-UdeC
Normas de descripción AARC
-- ISBD
082 ## - NÚMERO DE LA CLASIFICACIÓN DECIMAL DEWEY
Número de clasificación 519.5
Número de ítem D184
100 ## - ENTRADA PRINCIPAL--NOMBRE DE PERSONA
9 (RLIN) 2369
Nombre de persona Daniel, Wayne W.
Término indicativo de función/relación Profesor asociado de Métodos Cuantitativos de la Universidad Estatal de Georgia.
245 ## - MENCIÓN DEL TÍTULO
Título Bioestadística :
Resto del título Base para el análisis de las Ciencias de la Salud /
Mención de responsabilidad, etc. Wayne W. Daniel.
260 ## - PUBLICACIÓN, DISTRIBUCIÓN, ETC.
Lugar de publicación, distribución, etc. México :
Nombre del editor, distribuidor, etc. Editorial Limusa,
Fecha de publicación, distribución, etc. 1979.
300 ## - DESCRIPCIÓN FÍSICA
Extensión 485 p. ;
Dimensiones 24 cm.
504 ## - NOTA DE BIBLIOGRAFÍA, ETC.
Nota de bibliografía, etc. Nota Organización y su resumen de los datos -- Algunos conceptos básicos de probabilidad -- Distribuciones de probabilidad -- Algunas distribuciones muestrales importantes -- Estimación -- Pruebas de hipótesis -- Análisis de variancia -- Regresión y correlación lineales simples -- Regresión y correlación múltiples -- La distribución ji-cuadrada y el análisis de frecuencias -- Estadísticas no-parametricas y a libre distribución -- Datos demográficos
546 ## - NOTA DE IDIOMA
Nota de lengua/lenguaje Español.
650 #0 - PUNTO DE ACCESO ADICIONAL DE MATERIA--TÉRMINO DE MATERIA
9 (RLIN) 1429
Término de materia o nombre geográfico como elemento de entrada Estadísticas
Subdivisión general Ciencias de la salud
650 #0 - PUNTO DE ACCESO ADICIONAL DE MATERIA--TÉRMINO DE MATERIA
9 (RLIN) 2370
Término de materia o nombre geográfico como elemento de entrada Bioestadística
942 ## - ELEMENTOS DE ENTRADA SECUNDARIOS (KOHA)
Fuente del sistema de clasificación o colocación Clasificación Decimal Dewey
Tipo de ítem Koha Libros
Holdings
Estatus retirado Estado de pérdida Fuente del sistema de clasificación o colocación Estado de daño No para préstamo Colección Biblioteca de origen Biblioteca actual Fecha de adquisición Fuente de adquisición Signatura topográfica completa Código de barras Visto por última vez Copia número Precio de reemplazo Tipo de ítem Koha
    Clasificación Decimal Dewey     Colección general U DE COLOMBIA - Biblioteca U DE COLOMBIA - Biblioteca 18/05/2023 donación 519.5 D184 100445 18/05/2023 1 18/05/2023 Libros


Biblioteca Académica Corporación Universitaria U DE COLOMBIA | Teléfono: +(57) (4) 2398080 ext. 1112 | E-mail: biblioteca@udecolombia.edu.co | Dirección: Calle 56 Nº 41 – 147 (Bolivia con Girardot)
Horario de atención: lunes a viernes 8:00 a.m. a 8:00 p.m. - sábados 8:00 a.m. a 4:00 p.m.
Implementado por Grupo EGS.

Powered by Koha